00594nam a2200193Ia 4500003000400000005001700004008004100021020003000062040001700092082002000109100001200129245006400141250005500205260003600260300002800296650003000324700002600354700002000380IIN20240102145848.0231217s9999 xx 000 0 und d cRs.3050.00a9789393553287 aIINbEnglish a610.73677 bSHA1 aBrunner1 aTextbook of Medical- Surgical NursingcBrunner and Suddarth a2nd South Asia edbSuresh K. Sharma and S. Madhavi bWolters KluweraNew Delhic2022 axxiv,1270-2102p./ Vol.21 aMedical SurgicalvNursing1 aSharma, Suresh K. Ed.1 aMadhavi, S. Ed.